000 00291nam a22001337a 4500
008 190201b xxu||||| |||| 00| 0 eng d
020 _a35349
041 _aeng
080 _a316
100 _a50
101 _aSOC
245 _aStructured Social Inequality
_cHeller, C.S
942 _2udc
_cBK
999 _c53916
_d53916